| 000 | 00524nam a2200205 a 4500 | ||
|---|---|---|---|
| 001 | 2648 | ||
| 003 | CO-ViMGA | ||
| 008 | 141112s2004 ck r 000 u spa d | ||
| 040 |
_aCO-ViMGA _bspa _cCO-ViMGA |
||
| 082 | 0 | 4 | _a745.5 R872 |
| 100 | 1 |
_aRuscher, Eva _951665 |
|
| 245 | 1 | 0 | _aDecoración de ventanas con figuras de papel |
| 260 |
_aBarcelona : _bCeac, _c1990 |
||
| 300 | _a31 p : il | ||
| 490 | _aHobby creativo | ||
| 650 | 1 | 4 |
_aADORNOS _95011 |
| 650 | 1 | 4 |
_aARTESANIAS _94191 |
| 650 | 1 | 4 | _aDECORACION |
| 942 |
_2ddc _cBK |
||
| 999 |
_c14723 _d14723 |
||